| 000 | 00492nam a22001697a 4500 | ||
|---|---|---|---|
| 005 | 20230712142525.0 | ||
| 008 | 230712b |||||||| |||| 00| 0 eng d | ||
| 082 |
_a378.1 _bSAG-H |
||
| 100 | _aSaghir Ahmad | ||
| 245 |
_aHow to become a Professional Teacher: _bSaghir,Ahmad ; Sajjad,Haider |
||
| 260 |
_aPakistan _bLearning Institution of Training & Enlightenment _c2007 |
||
| 300 | _a226 | ||
| 500 | _aReferences are Given | ||
| 650 | _aManagement | ||
| 700 | _aSaghir Ahmad | ||
| 999 |
_c25945 _d25945 |
||